| 000 | 00548nam a2200169 a 4500 | ||
|---|---|---|---|
| 001 | 000014664 | ||
| 005 | 20200929163900.0 | ||
| 008 | 100118s2003 dr a 001 0 spa d | ||
| 040 |
_aDO-SdBNP _bspa _cBNPHU |
||
| 082 |
_axxx _bM385s |
||
| 100 | 1 |
_aMartínez Peña, Ramón Francisco _933217 |
|
| 245 | 1 | 0 |
_aSai Baba : _bmanifestaciones en República Dominicana / _cRamón Francisco Martínez Peña. |
| 260 |
_aSanto Domingo : _bCentenario, _c2003. |
||
| 300 |
_a192 p. : _bil. ; _c21 cm. |
||
| 500 | _aIncluye índice de ilustraciones | ||
| 049 | _aBNPD | ||
| 999 |
_c14248 _d14248 |
||